|
|
|
|
| LEADER |
01337cam a22003371a 4500 |
| 001 |
000033098 |
| 003 |
9231 |
| 005 |
20211115101420.0 |
| 008 |
151016s2012 000 vie |
| 041 |
|
|
|a VIE
|
| 082 |
|
|
|a 895.92208
|b TR-T
|
| 100 |
|
|
|a Trần Khánh Thành
|b bien soan sưu tam va giơi thieu
|
| 245 |
|
0 |
|a Huy Cận toàn tập, tập 2. Văn xuôi /
|c Trần Khánh Thành
|n Tap 2
|
| 260 |
|
|
|a -H :
|b Văn Học,
|c 2012.
|
| 300 |
|
|
|a 20cm :
|b 987tr;.
|
| 502 |
|
|
|a Văn xuoi
|b Huy Can toan tap-Tap 2
|
| 650 |
|
|
|a Van hoc
|b Van hoc va tu tu hoc
|c Van hoc thuoc ngon ngu khac
|x Van hoc Đong A va Đong Nam A Chau
|y Tac pham van hoc Viet nam
|z Tac pham van hoc Viet nam
|
| 653 |
|
|
|a Huy Cận toàn tập, tập 2, Huy Cận, Văn xuôi, Trần Khánh Thành, 2012
|
| 700 |
|
|
|a bien tap:
|b Ban bien tap
|
| 802 |
|
|
|a Ngon ngu tieng viet
|
| OWN |
|
|
|a LNN
|
| AVA |
|
|
|a UDN50
|b LNN
|d 895.92208 TR-T
|e available
|t Error 5001 Not defined in file expand_doc_bib_avail.
|f 3
|g 0
|h N
|i 0
|k 1
|
| 999 |
|
|
|a From the UDN01
|
| AVA |
|
|
|a UDN50
|b LNN
|d 895.92208 TR-T
|e available
|t Error 5001 Not defined in file expand_doc_bib_avail.
|f 3
|g 0
|h N
|i 0
|k 1
|
| TYP |
|
|
|a Dissertation
|
| TYP |
|
|
|a Monograph
|
| TYP |
|
|
|a Printed language
|
| 980 |
|
|
|a Mạng thư viện Đại học Đà Nẵng
|